|
|
|
|
| LEADER |
00000nam0a2200000 4500 |
| 001 |
326273 |
| 005 |
20240219155347.0 |
| 035 |
|
|
|a (RuTPU)RU\TPU\book\351908
|
| 090 |
|
|
|a 326273
|
| 100 |
|
|
|a 20161221d1920 km y0rusy50 ca
|
| 101 |
0 |
|
|a rus
|
| 102 |
|
|
|a RU
|
| 105 |
|
|
|a f z 000zy
|
| 181 |
|
0 |
|b e
|
| 182 |
|
0 |
|a n
|
| 183 |
|
0 |
|a nc
|2 RDAcarrier
|
| 200 |
1 |
|
|a Изнашиваемость кожи от трения
|e отдельный оттиск
|f А. П. Малышев
|
| 210 |
|
|
|a Томск
|c [Б. и.]
|d 1920
|
| 215 |
|
|
|a 5 с.
|e вкл. л.
|
| 283 |
|
|
|a volume
|
| 300 |
|
|
|a На с. 1 дарственная надпись: "2/-1-23 В библиотеку Т. Т. Института от автора"
|
| 606 |
|
|
|a Механика трения
|2 stltpush
|3 (RuTPU)RU\TPU\subj\43588
|9 63071
|
| 610 |
1 |
|
|a трение
|
| 610 |
1 |
|
|a изнашиваемость
|
| 610 |
1 |
|
|a кожа
|
| 610 |
1 |
|
|a влажность
|
| 610 |
1 |
|
|a испытания
|
| 610 |
1 |
|
|a дары автора
|
| 610 |
1 |
|
|a Коллекция Труды учёных ТПУ
|
| 675 |
|
|
|a 531.4
|v 4
|
| 700 |
|
1 |
|a Малышев
|b А. П.
|c российский инженер-механик
|c профессор ТТИ
|f 1879-1962
|g Александр Петрович
|3 (RuTPU)RU\TPU\pers\21871
|
| 801 |
|
1 |
|a RU
|b 63413507
|c 20161221
|
| 801 |
|
2 |
|a RU
|b 63413507
|c 20200923
|g RCR
|
| 942 |
|
|
|c BK
|